Klik op de jaartallen van de geschiedenis! - Statistieken

Algemene statistieken
  • Deze quiz is 227 keer genomen
  • De gemiddelde score is 9 van 15
Antwoordstatistieken
Hint Antwoord % Correct
Start van WO1 1914
84%
Invoering van de Euro 2002
82%
Einde van de koude oorlog 1989
78%
Steve Jobs overlijd 2011
77%
Colombus ontdekt Amerika 1492
71%
Invasie van Duitsland in Nederland 1940
70%
Amerigo Vespucci ontdenkte Zuid-Amerika 1498
65%
Nederlands-Indië wordt onafhankelijk 1949
65%
Oprichting VOC 1602
54%
Begin Nederlandse opstand 1566
53%
Start van Russische burgeroorlog 1917
51%
Willem van Oranje wordt vermoord 1584
49%
Nederland werd een koninkrijk 1815
49%
Einde van de grote depressie 1939
46%
Kroning van Wilhemlina 1898
19%
Geen overeenkomende quizzen gevonden
Scoreverdeling
Procent van Mensen met Elke Score
Percentiel versus Aantal Correcte Antwoorden
Uw Scoregeschiedenis
U heeft deze quiz nog niet genomen